Construcción, los distintos tipos de escaleras : el primer paso /

সংরক্ষণ করুন:
গ্রন্থ-পঞ্জীর বিবরন
বিন্যাস: স্লাইড্
ভাষা:স্প্যানিশ
প্রকাশিত: Virginia Beach, EUA : Coastal, 1992, c2005
বিষয়গুলি:
ট্যাগগুলো: ট্যাগ যুক্ত করুন
কোনো ট্যাগ নেই, প্রথমজন হিসাবে ট্যাগ করুন!

MARC

LEADER 00000ngm^a2200000^a^4500
001 000263958
005 20251020000000.0
009 20260310110631.406
037 |a Acervo ITESO - Biblioteca 
041 |a ESP 
082 |a 621. 86760289  |b CON 
245 0 0 |a Construcción, los distintos tipos de escaleras :  |b el primer paso / 
246 2 |a Título en la pantalla: Escadarias e escadas na construção: primeiros passos 
264 4 |a Virginia Beach, EUA :  |b Coastal,  |c 1992, c2005 
264 2 |a Monterrey, México :  |b Coastal [distribución],  |c 2005, c2005 
300 |a 1 DVD sin dato de región (12, 13, 12 min.) :  |b color +  |e 1 hoja 
336 |a imagen móvil bidimensional  |b tdi  |2 rdacontenido 
337 |a video  |b v  |2 rdamedio 
338 |a videodisco  |b vd  |2 rdasoporte 
500 |a Traducción de: Construction: Stairways and Ladders: The First Step 
546 |a Doblaje opcional: español, portugués 
546 |a En inglés, con subtítulos opcionales: inglés 
649 |a XX 
650 |a Escaleras Portátiles -  |x Construcción 
650 |a Escaleras Portátiles -  |x Tema Principal 
650 |a Riesgos y Accidentes Laborales -  |x Prevención 
650 |a Formación y Capacitación Laboral 
650 |a Recursos Humanos 
650 |a Seguridad Industrial -  |x Materiales y Equipo 
650 |a Seguridad Industrial -  |x Tema Principal 
650 |a Ingeniería Industrial 
740 0 |a Construction :  |b Stairways and Ladders : The First Step / 
740 0 |a Escadarias e escadas na construção :  |b o primeiro passo / 
910 |a Fondo General 
920 |a Audiovisuales - DVDs 
905 |a 308 
901 |a 0500319843  |b IT2  |c DVR  |u 20250521 
901 |a 0500319846  |b IT2  |c MIN  |u 20251020 
902 |a https://opac.biblio.iteso.mx/vufind/Record/000263958